Statistics for Largest Islands with Country Names

Click here to take the quiz!

General Stats

  • This quiz has been taken 87 times
  • The average score is 6 of 8

Answer Stats

Sq KmIsland% Correct
587,041Madagascar
91%
105,806Cuba
86%
84,421Ireland
80%
35,883Taiwan
78%
101,826Iceland
77%
9,234Cyprus
74%
11,190Jamaica
72%
65,268Sri Lanka
70%

Score Distribution

Percentile by Number Answered

Percent of People with Each Score

Your Score History

You have not taken this quiz